1281 1581 1967 1983 1174 1567 1176 1979 1998 1183 1693 1348 1697 1474 1270 1980 1638 1849 1142 1438 1586 1690 1289 1570 1761 1175 1773 1260 1700 1201 1880 1522 1742 1123 1202 1200 1567 1550 1560 1143 1873 1773 1843 1114 1768 1512 1496 1166 1405 1121 1852 1396 1212 1275 1065 1092 1737 1583 1899 1121 1013 1315 1668 1747 1772 1681 1190 1042 1022 1176 1736 1025 1134 1052 1306 1701 1807 1829 1498 1548 1444 1894 1306 1038 1253 1417 1483 1462 1051 1651 1687 1677 1368 1969 1081 1135 1746 1160 1965 BCNSPRNW ULIB Ver.6.0+V

เปลี่ยนเป็นภาษาไทย

Change to English
 แสดงรายละเอียดบรรณานุกรม
  กลับหน้าหลัก

Brief Record : Get Marc (ISO 2709) : E-mail record : QR code < ปิดหน้าต่าง
LEADER : 00000nam 2200000uu 4500
001    13399123462
003     ULIB
008    140922s2555||||th 000 0 tha d
020    ^a9786169154105
060 04 ^aWQ200^bก451
245 00 ^aการดูแลปัญหาที่พบบ่อยทางสูติศาสตร์ =^bManagement of common problems in obstetrics /^cวรพงศ์ ภู่พงศ์,บรรณาธิการ
246 01 ^aManagement of common problems in obstetrics.
250    ^aนิพนธ์และเรียบเรียงครั้งที่ 1
260    ^aกรุงเทพฯ :^bราชวิทยาลัยสูตินรีแพทย์แห่งประเทศไทย,^c2555
300    ^a308 หน้า :^bภาพประกอบ ;^c30 ซม.
650  4 ^aสูติศาสตร์
650  4 ^aครรภ์
650  4 ^aภาวะแทรกซ้อนขณะมีครรภ์
700 0  ^aวรพงศ์ ภู่พงศ์,^eบรรณาธิการ
710 2  ^aราชวิทยาลัยสูตินรีแพทย์แห่งประเทศไทย
945    ^p400^l0^i20758
945    ^p400^l0^i20759
945    ^p400^l0^i20760
945    ^p400^l0^i20761
945    ^p400^l0^i20762
999    ^aทศพร เกษรทอง
รายการนี้ยังไม่มีแท็ก
คุณยังไม่ได้ล็อกอิน คุณสามารถมีกิจกรรมร่วมกับเว็บไซต์ได้ แต่ต้องล็อกอินก่อน ::
  ล็อกอิน

รายการสื่อสารสนเทศ

ลำดับที่ ประเภท เลขเรียก/บาร์โค้ด สถานที่ สถานะ
1. วิทยาศาสตร์การแพทย์ และสุขภาพ
วิทยาศาสตร์การแพทย์ และสุขภาพ
สถานะ=หนังสือเก่า
WQ200 ก451 ฉ.1 
  Barcode: 20758
ห้องสมุดวิทยาเขตนครสวรรค์
►ส่วนจัดเก็บหนังสือเก่า นว.
บนชั้น
  ขอยืม
2. วิทยาศาสตร์การแพทย์ และสุขภาพ
วิทยาศาสตร์การแพทย์ และสุขภาพ
สถานะ=หนังสือเก่า
WQ200 ก451 ฉ.2 
  Barcode: 20759
ห้องสมุดวิทยาเขตนครสวรรค์
►ส่วนจัดเก็บหนังสือเก่า นว.
บนชั้น
  ขอยืม
3. วิทยาศาสตร์การแพทย์ และสุขภาพ
วิทยาศาสตร์การแพทย์ และสุขภาพ
สถานะ=หนังสือเก่า
WQ200 ก451 ฉ.4 
  Barcode: 20761
ห้องสมุดวิทยาเขตนครสวรรค์
►ส่วนจัดเก็บหนังสือเก่า นว.
บนชั้น
  ขอยืม
4. วิทยาศาสตร์การแพทย์ และสุขภาพ
วิทยาศาสตร์การแพทย์ และสุขภาพ
สถานะ=หนังสือเก่า
WQ200 ก451 ฉ.5 
  Barcode: 20762
ห้องสมุดวิทยาเขตนครสวรรค์
►ส่วนจัดเก็บหนังสือเก่า นว.
บนชั้น
  ขอยืม

รายการใกล้เคียง
    หัวเรื่อง [สูติศาสตร์]
    หัวเรื่อง [ครรภ์]
    หัวเรื่อง [ภาวะแทรกซ้อนขณะมีครรภ์]

BibComment


ยังไม่เคยถูกคอมเมนท์

คอมเมนท์ทรัพยากรรายการนี้
  คอมเมนท์: การดูแลปัญหาที่พ..


 Copyright 2026. Bcnsprnw @Library